| 000 | 00925cam a22002294a 4500 | ||
|---|---|---|---|
| 020 | _a0195175832 (pbk. : alk. paper) | ||
| 020 | _a0195175840 (alk. paper) | ||
| 082 | 0 | 0 |
_a307.341609 _bVAL _cN-01,P-100 |
| 245 | 0 | 4 |
_aThe resilient city : _bhow modern cities recover from disaster / _c[edited by] Lawrence J. Vale and Thomas J. Campanella. |
| 260 |
_aNew York : _bOxford University Press, _c2005. |
||
| 300 |
_axiv, 376 p : _bill. ; _c23 cm. |
||
| 526 |
_a0 _b0 _c0 _d307_341609000000000_VAL |
||
| 650 | 0 |
_aDisasters _xHistory. _937647 |
|
| 650 | 0 |
_aNUST _96342 |
|
| 650 | 0 |
_aUrban renewal _xHistory. _937648 |
|
| 700 | 1 |
_aCampanella, Thomas J. _937649 |
|
| 700 | 1 |
_aVale, Lawrence J., _932103 |
|
| 856 | 4 | 2 | _uhttp://www.h-net.org/review/hrev-a0e2n0-aa |
| 856 | 4 | 2 | _uhttp://www.loc.gov/catdir/enhancements/fy0618/2004049246-d.html |
| 856 | 4 | 2 | _uhttp://www.loc.gov/catdir/enhancements/fy0725/2004049246-b.html |
| 942 |
_2ddc _cBK |
||
| 999 |
_c542461 _d542461 |
||